Rich dads guide to investing: (Record no. 205319)
[ view plain ]
| 000 -LEADER | |
|---|---|
| fixed length control field | 00814nam a2200229Ia 4500 |
| 003 - CONTROL NUMBER IDENTIFIER | |
| control field | OSt |
| 005 - DATE AND TIME OF LATEST TRANSACTION | |
| control field | 20240429103019.0 |
| 008 - FIXED-LENGTH DATA ELEMENTS--GENERAL INFORMATION | |
| fixed length control field | 210716s2000 xx 000 0 und d |
| 020 ## - INTERNATIONAL STANDARD BOOK NUMBER | |
| International Standard Book Number | 9780446508940 |
| 040 ## - CATALOGING SOURCE | |
| Transcribing agency | AIMIT LIBRARY |
| 041 ## - LANGUAGE CODE | |
| Language code of text/sound track or separate title | eng |
| 082 ## - DEWEY DECIMAL CLASSIFICATION NUMBER | |
| Classification number | 374.22 |
| Edition number | 1 |
| Item number | KIYR |
| 100 ## - MAIN ENTRY--PERSONAL NAME | |
| Personal name | Kiyosaki, Robert T. |
| 9 (RLIN) | 162439 |
| 245 ## - TITLE STATEMENT | |
| Title | Rich dads guide to investing: |
| Remainder of title | what the rich invest in that the poor and middle class do not / |
| Statement of responsibility, etc. | By Robert T Kiyosaki, Sharon L Lechter. |
| 250 ## - EDITION STATEMENT | |
| Edition statement | 1st ed. |
| 260 ## - PUBLICATION, DISTRIBUTION, ETC. | |
| Place of publication, distribution, etc. | New York : |
| Name of publisher, distributor, etc. | Business Plus , |
| Date of publication, distribution, etc. | 2000 |
| 300 ## - PHYSICAL DESCRIPTION | |
| Extent | xiv,513p. ; |
| Other physical details | PB |
| Dimensions | 17.2 cm |
| 650 ## - SUBJECT ADDED ENTRY--TOPICAL TERM | |
| Topical term or geographic name entry element | Pouring a foundation of wealth |
| 9 (RLIN) | 162440 |
| 650 ## - SUBJECT ADDED ENTRY--TOPICAL TERM | |
| Topical term or geographic name entry element | What kind of world do you see |
| 9 (RLIN) | 162441 |
| 650 ## - SUBJECT ADDED ENTRY--TOPICAL TERM | |
| Topical term or geographic name entry element | Are you planning to be rich or are you planning to be poor |
| 9 (RLIN) | 162442 |
| 942 ## - ADDED ENTRY ELEMENTS (KOHA) | |
| Source of classification or shelving scheme | Dewey Decimal Classification |
| Koha item type | Book |
| Edition | 1st |
| Call number prefix | 374.22 KIYR |
| Withdrawn status | Lost status | Source of classification or shelving scheme | Damaged status | Not for loan | Collection code | Home library | Current library | Date acquired | Cost, normal purchase price | Inventory number | Total Checkouts | Full call number | Barcode | Date last seen | Date last checked out | Cost, replacement price | Price effective from | Koha item type |
|---|---|---|---|---|---|---|---|---|---|---|---|---|---|---|---|---|---|---|
| Dewey Decimal Classification | MBA | St Aloysius Institute of Management & Information Technology | St Aloysius Institute of Management & Information Technology | 05/03/2010 | 350.00 | Bill no:25; Bill dt:2010-04-30 | 1 | 374.22 KIYR | MBA07885 | 05/23/2026 | 10/30/2024 | 252.00 | 07/16/2021 | Book |